The great inventions

Bibliographic Details
Format: Book
Published: London : Moonlight Publishing , 1992
Series:Moonlight first encyclopedia
Subjects:

MARC

LEADER 00000cam a2200000 7i4500
001 0000001318
002 000001453
005 20060206.0
020 |a 1851031588 
090 0 0 |a 030   |b MOO 
245 0 4 |a The great inventions   |c Brigitte Coppin [et.al] 
260 |a London :   |b Moonlight Publishing ,   |c 1992 
300 |a 77p. :   |b ill. ;   |c 28cm. 
490 0 |a Moonlight first encyclopedia 
650 0 0 |a Inventions 
999 |a 029091   |b BUKU   |c JUNIOR BOOKS   |e PERPUSTAKAAN KOMUNITI PETALING JAYA 
999 |a 032786   |b BUKU   |c JUNIOR BOOKS   |e MUZIUM PETALING JAYA